Statistiques concernant Palmares EFL CUP vainqueurs depuis 1961

Cliquez ici pour prendre le quiz!

Statistiques générales

  • Ce quiz a été pris 44 fois
  • Le résultat moyen est 51 sur 63

Statistiques - réponses

AnnéeRéponseScoreFinaliste% Correct
2001Liverpool1-1 (5-4 tab)Birmingham City FC
100%
2003Liverpool2-0Manchester United
100%
1995Liverpool2-1Bolton Wanderers
100%
2022Liverpool0-0 (11-10 tab)Chelsea FC
100%
1984Liverpool0-0, 1-0Everton FC
100%
1983Liverpool2-1 apManchester United
100%
1982Liverpool3-1 apTottenham Hotspur
100%
2012Liverpool2-2 (3-2 tab)Cardiff City FC
100%
1981Liverpool1-1, 2-1West Ham United
100%
2014Manchester City3-1Sunderland AFC
100%
1976Manchester City2-1Newcastle United
100%
2016Manchester City1-1 (3-1 tab)Liverpool FC
100%
1970Manchester City2-1 apWest Bromwich Albion
100%
2018Manchester City3-0Arsenal FC
100%
2019Manchester City0-0 (4-3 tab)Chelsea FC
100%
2020Manchester City2-1Aston Villa FC
100%
2021Manchester City1-0Tottenham Hotspur
100%
2023Manchester United2-0Newcastle United
100%
1992Manchester United1-0Nottingham Forest
100%
2006Manchester United4-0Wigan Athletic
100%
2017Manchester United3-2Southampton FC
100%
2010Manchester United2-1Aston Villa FC
100%
2009Manchester United0-0 (4-1 tab)Tottenham Hotspur
100%
1987Arsenal2-1Liverpool FC
97%
1993Arsenal2-1Sheffield Wednesday
97%
1961Aston Villa0-2, 3-0 apRotherham United
97%
1975Aston Villa1-0Norwich City FC
97%
1977Aston Villa3-2 apEverton FC
97%
1996Aston Villa3-0Leeds United
97%
1994Aston Villa3-1Manchester United
97%
2015Chelsea2-0Tottenham Hotspur
97%
1998Chelsea2-0 apMiddlesbrough FC
97%
2007Chelsea2-1Arsenal FC
97%
2005Chelsea3-2 apLiverpool FC
97%
1965Chelsea3-2, 0-0Leicester City FC
97%
1971Tottenham2-0Aston Villa FC
97%
1973Tottenham1-0Norwich City FC
97%
2008Tottenham2-1 apChelsea FC
97%
1999Tottenham1-0Leicester City FC
97%
1964Leicester1-1, 3-2Stoke City FC
92%
1997Leicester1-1 1-0 apMiddlesbrough FC
92%
2000Leicester2-1Tranmere Rovers
92%
1968Leeds1-0Arsenal FC
68%
1985Norwich1-0Sunderland AFC
62%
1962Norwich3-0, 1-0Rochdale AFC
62%
1990Nottingham Forest1-0Oldham Athletic
59%
1979Nottingham Forest3-2Southampton FC
59%
1978Nottingham Forest0-0, 1-0Liverpool FC
59%
1989Nottingham Forest3-1Luton Town FC
59%
1963Birmingham3-1, 0-0Aston Villa FC
57%
2011Birmingham2-1Arsenal FC
57%
1966West Bromwich1-2, 4-1West Ham United
57%
1972Stoke City2-1Chelsea FC
54%
2002Blackburn2-1Tottenham Hotspur
46%
1988Luton Town3-2Arsenal FC
46%
2004Middlesbrough2-1Bolton Wanderers
46%
1991Sheffield Wednesday1-0Manchester Uniteed
46%
1967Queens Park Rangers3-2West Bromwich Albion
41%
1974Wolverhampton2-1Manchester City
32%
1980Wolverhampton1-0Nottingham Forest
32%
2013Swansea5-0Bradford City
30%
1986Oxford3-0Queens Park Rangers
22%
1969Swindon Town3-1 apArsenal FC
8%

Distribution des résultats

Percentile par nombre de réponses

% des personnes avec chaque résultat

Votre développement - résultats

Vous n’avez pas pris ce quiz